ARRUPE JESUIT UNIVERSITY

CORONAVIRUS -STOP THE SPREAD - CLEAN,DISINFECT,COVER

The University of Google (Record no. 118473)

MARC details
000 -LEADER
fixed length control field 01861cam a2200385 a 4500
001 - CONTROL NUMBER
control field 8751152
003 - CONTROL NUMBER IDENTIFIER
control field ARRUPE
005 - DATE AND TIME OF LATEST TRANSACTION
control field 20131028171843.0
006 - FIXED-LENGTH DATA ELEMENTS--ADDITIONAL MATERIAL CHARACTERISTICS--GENERAL INFORMATION
fixed length control field m u
007 - PHYSICAL DESCRIPTION FIXED FIELD--GENERAL INFORMATION
fixed length control field cr cn|||||||||
008 - FIXED-LENGTH DATA ELEMENTS--GENERAL INFORMATION
fixed length control field 070615s2007 enk sb 001 0 eng
010 ## - LIBRARY OF CONGRESS CONTROL NUMBER
Canceled/invalid LC control number 2007025289
020 ## - INTERNATIONAL STANDARD BOOK NUMBER
Cancelled/invalid ISBN 9780754670971 (alk. paper)
020 ## - INTERNATIONAL STANDARD BOOK NUMBER
Cancelled/invalid ISBN 075467097X (alk. paper)
035 ## - SYSTEM CONTROL NUMBER
System control number (CaPaEBR)ebr10209157
035 ## - SYSTEM CONTROL NUMBER
System control number (NNC)8751152
040 ## - CATALOGING SOURCE
Original cataloging agency CaPaEBR
Transcribing agency CaPaEBR
050 14 - LIBRARY OF CONGRESS CALL NUMBER
Classification number LB2395.7
Item number .B73 2007
082 04 - DEWEY DECIMAL CLASSIFICATION NUMBER
Classification number 378.1/7344678
Edition number 22
300 ## - PHYSICAL DESCRIPTION
Dimensions 25 cm.
100 1# - MAIN ENTRY--PERSONAL NAME
Personal name Brabazon, Tara.
9 (RLIN) 3048
245 14 - TITLE STATEMENT
Title The University of Google
Medium [electronic resource] :
Remainder of title education in the (post) information age /
Statement of responsibility, etc Tara Brabazon.
260 ## - PUBLICATION, DISTRIBUTION, ETC. (IMPRINT)
Place of publication, distribution, etc Aldershot, Hampshire, England ;
-- Burlington, VT :
Name of publisher, distributor, etc Ashgate,
Date of publication, distribution, etc c2007.
300 ## - PHYSICAL DESCRIPTION
Extent 234 p. ;
504 ## - BIBLIOGRAPHY, ETC. NOTE
Bibliography, etc Includes bibliographical references (p. [223]-224) and index.
505 0# - FORMATTED CONTENTS NOTE
Formatted contents note Living (in the) post -- BA (Google) : graduating to information literacy -- Digital Eloi and analogue Morlocks -- Stretching flexible learning -- An i-diots guide to i-lectures -- Popular culture and the sensuality of education -- Exploiting knowledge? -- Deglobalizing education -- Burning towers and smoldering truth : September 11 and the changes to critical literacy -- The gift : why education matters.
533 ## - REPRODUCTION NOTE
Type of reproduction Electronic reproduction.
Place of reproduction Palo Alto, Calif. :
Agency responsible for reproduction ebrary,
Date of reproduction 2009.
Note about reproduction Available via World Wide Web.
-- Access may be limited to ebrary affiliated libraries.
650 #0 - SUBJECT ADDED ENTRY--TOPICAL TERM
Topical term or geographic name as entry element Education, Higher
General subdivision Effect of technological innovations on.
9 (RLIN) 3049
650 #0 - SUBJECT ADDED ENTRY--TOPICAL TERM
Topical term or geographic name as entry element Internet in higher education.
9 (RLIN) 3050
650 #0 - SUBJECT ADDED ENTRY--TOPICAL TERM
Topical term or geographic name as entry element Teaching.
9 (RLIN) 3051
655 #7 - INDEX TERM--GENRE/FORM
Genre/form data or focus term Electronic books.
Source of term local
9 (RLIN) 3052
710 2# - ADDED ENTRY--CORPORATE NAME
Corporate name or jurisdiction name as entry element ebrary, Inc.
9 (RLIN) 3053
856 40 - ELECTRONIC LOCATION AND ACCESS
Uniform Resource Identifier <a href="http://www.columbia.edu/cgi-bin/cul/resolve?clio8751152">http://www.columbia.edu/cgi-bin/cul/resolve?clio8751152</a>
Public note Click here for full text.
942 ## - ADDED ENTRY ELEMENTS (KOHA)
Source of classification or shelving scheme Library of Congress Classification
Koha item type Monograph ( Printed materials)
Holdings
Withdrawn status Lost status Source of classification or shelving scheme Damaged status Not for loan Collection code Home library Current library Shelving location Date acquired Total Checkouts Full call number Barcode Date last seen Date checked out Price effective from Koha item type
    Library of Congress Classification     Main Collection ARRUPE LIBRARY ARRUPE LIBRARY Main Collection 28/10/2013 3 LB2395.7 .B73 2007 46410506 28/06/2018 18/09/2017 28/10/2013 Monograph ( Printed materials)

 

Arrupe Library. PO Box MP320 Mt Pleasant, Harare, Zimbabwe
263 242 745411|librarian@aju.ac.zw